Mi misión en Portugal : (Record no. 53900)

MARC details
000 -LEADER
campo de control de longitud fija 01300nam a2200241 i 4500
001 - NÚMERO DE CONTROL
campo de control 53900
003 - IDENTIFICADOR DE NÚMERO DE CONTROL
campo de control ES-MaACL
005 - FECHA Y HORA DE LA ÚLTIMA TRANSACCIÓN
campo de control 20250705063015.0
007 - CAMPO FIJO DE DESCRIPCIÓN FÍSICA--INFORMACIÓN GENERAL
campo de control de longitud fija t|
008 - DATOS DE LONGITUD FIJA--INFORMACIÓN GENERAL
campo de control de longitud fija 960708s1878 fr ||||1| spa d
080 ## - NÚMERO DE LA CLASIFICACIÓN DECIMAL UNIVERSAL
Número de la Clasificación Decimal Universal 327(460:469)
100 1# - ENTRADA PRINCIPAL--NOMBRE DE PERSONA
Nombre de persona Fernández de los Ríos, Ángel,
Fechas asociadas al nombre 1821-1880
9 (RLIN) 149656
245 10 - MENCIÓN DEL TÍTULO
Título Mi misión en Portugal :
Resto del título anales de ayer para enseñanza de mañana /
Mención de responsabilidad, etc. por A. Fernández de los Ríos.
260 ## - PUBLICACIÓN, DISTRIBUCIÓN, ETC.
Lugar de publicación, distribución, etc. Paris :
Nombre del editor, distribuidor, etc. E. Belhatte ;
Lugar de publicación, distribución, etc. Lisboa :
Nombre del editor, distribuidor, etc. Bertrand,
Fecha de publicación, distribución, etc. [1878] (
Fabricante Typ. Tolmer et Isidor Joseph)
300 ## - DESCRIPCIÓN FÍSICA
Extensión XVI, 725 p. ;
Dimensiones 22 cm.
505 8# - NOTA DE CONTENIDO CON FORMATO
Nota de contenido con formato Contiene: A la opinión peninsular ; Primera parte: Política peninsular ; Segunda parte: Mi misión en Portugal: Misión diplomática en julio de 1869 ; Acuerdos peninsulares ; Jurisprudencia internacional ; Relaciones materiales ; Asuntos de interés español en Portugal ; Relaciones científicas, literarias y artísticas ; Respuestas a pequeñeces ; Tercera parte: Cuestiones de hoy y de mañana
530 ## - NOTA DISPONIBLE DE FORMULARIO FÍSICO ADICIONAL
Nota de formato físico adicional disponible Disponible en formato digital.
651 #4 - PUNTO DE ACCESO ADICIONAL DE MATERIA--NOMBRE GEOGRÁFICO
Nombre geográfico España-
Subdivisión general Relaciones-
Subdivisión geográfica Portugal.
9 (RLIN) 8476
651 #4 - PUNTO DE ACCESO ADICIONAL DE MATERIA--NOMBRE GEOGRÁFICO
Nombre geográfico Portugal-
Subdivisión general Relaciones-
Subdivisión geográfica España.
9 (RLIN) 9269
852 ## - LOCALIZACIÓN
Ubicación ES-MaACL
Número de control de estantería G-8489
856 ## - LOCALIZACIÓN Y ACCESO ELECTRÓNICOS
Identificador Uniforme de Recursos <a href="http://bdh-rd.bne.es/viewer.vm?id=0000038225&page=1 ">http://bdh-rd.bne.es/viewer.vm?id=0000038225&page=1 </a>
Nota pública Biblioteca Digital Hispánica
Holdings
Estatus retirado Estado de pérdida Estado de daño No para préstamo Colección Biblioteca de origen Biblioteca actual Ubicación en estantería Fecha de adquisición Fuente de adquisición Total de préstamos Signatura topográfica completa Código de barras Visto por última vez Precio de reemplazo Tipo de ítem Koha
        Colección digital Biblioteca del Ateneo de Madrid Biblioteca del Ateneo de Madrid Sala Pecera Planta 3 17/01/2008     G-8489 1056644 23/02/2023 23/02/2023 Libro impreso antiguo